Maturita z biológie príprava na prijímacie skúšky na vysokú školu

Bibliographic Details
Main Authors: Križan, Ján (Author), Križanová, Mária (Author)
Format: Book
Language:Slovak
PhysicalDescription:180 s. ilustr., tab. 29 cm
Published: Bratislava Ikar - Príroda 2016
ISBN:9788055149967
Edition:1. vyd.
Subjects:

MARC

LEADER 00000cam a2200000 a 4500
001 vtls011561485
003 SK-MaSNL
005 20260301041139.0
008 240318s2016 xo a e nf 001 0 slo
015 |a SNBA2016/08 
020 |a 9788055149967  |q (brož.) 
035 |a AE76B14C-95A3-492A-81B5-0252631D9C87 
035 |a urn:nbn:sk:snk-amlp1a 
035 |a urn:nbn:sk:snk-am00bxwt 
040 |a SNK  |b slo  |c SNK  |e AACR2 
041 0 |a slo 
044 |a xo  |c SK 
072 7 |a 57/59  |x Biologické vedy  |2 konspekt 
080 |a 57/59  |2 2011 
080 |a 373.5.016  |2 2011 
080 |a 37.091.212.2  |2 2011 
080 |a 378  |2 2011 
080 |a (048.8)  |2 2011 
080 |a (035)  |2 2011 
100 1 |a Križan, Ján  |4 aut  |9 8098 
245 1 0 |a Maturita z biológie  |b príprava na prijímacie skúšky na vysokú školu  |c Ján Križan, Mária Križanová 
250 |a 1. vyd. 
260 |a Bratislava  |b Ikar - Príroda  |c 2016 
300 |a 180 s.  |b ilustr., tab.  |c 29 cm 
500 |a Celkovo 4. vyd. 
504 |a Bibliogr.: s. 172 ; reg. 
650 0 7 |a biológia  |2 SNKPH  |9 689 
650 0 7 |a učivo stredných škôl  |2 SNKPH  |9 65982 
650 0 7 |a prijímacie skúšky  |2 SNKPH  |9 1229 
650 0 7 |a vysoké školy  |2 SNKPH  |9 1277 
650 0 7 |a Biology  |2 SNKPHeng  |9 82165 
650 0 7 |a Secondary school curriculum  |2 SNKPHeng  |9 302204 
650 0 7 |a Entrance examinations  |2 SNKPHeng  |9 311635 
650 0 7 |a Universities and colleges  |2 SNKPHeng  |9 265426 
655 7 |a prehľady  |2 SNKPH  |9 70194 
655 7 |a príručky  |2 SNKPH  |9 74364 
655 7 |a Surveys  |2 SNKPHeng  |9 266058 
655 7 |a Handbooks, manuals, etc.  |2 SNKPHeng  |9 90964 
700 1 |a Križanová, Mária  |4 aut  |9 335126 
852 |a Štátna vedecká knižnica v Banskej Bystrici 
919 |a 978-80-551-4996-7 
958 |a NB 
999 |c 587705  |d 589635 
952 |a SNK  |b SNK  |y PREZ  |7 0  |p 17A1197713  |o snkSB 90389  |i snk2016/16753  |8 0  |0 0  |1 0  |4 0  |d 2016-07-06  |f 1  |l 0  |r 2025-05-13 00:00:00  |w 2026-02-23 
952 |a SNK  |b SNKPULT  |y VYP  |7 0  |p 17A1197714  |o snkSB 90389 D1  |i snk2016/16754  |8 0  |0 0  |1 0  |4 0  |d 2016-07-06  |l 1  |m 2  |q 2026-06-03  |r 2026-03-13 13:34:38  |s 2026-03-13  |w 2026-02-23